| 000 | 00674nam a22001937a 4500 | ||
|---|---|---|---|
| 999 |
_c62310 _d62310 |
||
| 005 | 20240924130749.0 | ||
| 008 | 240924s2024 enk||||| |||| 00| 0 eng d | ||
| 020 | _a9780443129872x | ||
| 041 | _aeng | ||
| 080 | _a616-006:617-089 L-83 | ||
| 245 |
_aLiver Transplantation and Transplantation Oncology / _cEditor Shimul Shah. |
||
| 264 |
_aPhiladelphia : _bElsevier, _c2024. |
||
| 300 |
_a242 p.: _bill.; _c24 cm. |
||
| 653 | _aღვიძლის ტრანსპლანტაცია | ||
| 653 | _aონკოლოგია | ||
| 653 | _aმედიცინა | ||
| 700 |
_aShah, Shimul _eრედაქტორი _923268 |
||
| 942 |
_2udc _cᲬᲘᲒᲜᲘ |
||